| 000 | 00713nam a2200217 a 4500 | ||
|---|---|---|---|
| 005 | 20240925065043.0 | ||
| 008 | 991125s19982001bar 000 0 spa u | ||
| 020 | _a8420686549 | ||
| 035 | _aUPN01000138175 | ||
| 049 | _aCG | ||
| 050 | 4 |
_aBF125 _bG3.2 |
|
| 100 | 1 |
_aGarcía Madruga, Juan Antonio, _d1948- _937166 |
|
| 245 | 1 | 0 |
_aConceptos fundamentales de psicología / _cJuan A. García Madruga y Sergio Moreno Ríos. |
| 260 |
_aMadrid : _bAlianza, _c1998. |
||
| 300 | _a130 p. | ||
| 440 | 3 |
_aEl libro universitario. _pHerramientas. _pPsicología y educación ; _v004 |
|
| 650 | 4 |
_aPsicología _938 |
|
| 650 | 4 |
_aPSICOLOGIA - _vDICCIONARIOS _915045 |
|
| 700 | 1 |
_aMoreno Ríos, Sergio, _ecoaut. |
|
| 905 | _aLibro | ||
| 999 |
_c110323 _d110323 |
||